000
00309nam a2200133Ia 4500
008
191201s2010 xx 000 0 und d
100
_a
MALHOTRA, Priyanka
245
0
_a
Vaastu Luxury
250
_a
Rep
260
_a
Agra
_b
Icon Publication
_c
2010
300
_a
80
650
_a
General Books
942
_2
ddc
_c
BK
999
_c
4557
_d
4557